Famous People with Awards Quiz Stats

 Plays Quiz Updated Sep 1, 2016

Score 0/25 Timer 06:00
3 Plays Today
% Correct
Emma Watson
90.6%
Ellen DeGeneres
90.5%
Dolly Parton
85.3%
Selena Gomez
85.2%
Jennifer Lopez
83.2%
Lady Gaga
81.5%
Jennifer Lawrence
79.9%
Eddie Murphy
77.5%
Whitney Houston
77.4%
Alfred Hitchcock
76.2%
Hugh Laurie
74.5%
Kate Winslet
73.1%
Drake
72.9%
% Correct
Nicki Minaj
72.9%
Rebel Wilson
72.3%
Helen Mirren
68%
Bryan Cranston
61.8%
Julianne Moore
60.9%
Louis C.K.
58.9%
Tyra Banks
57.1%
Malala Yousafzai
57.1%
Idris Elba
54.8%
LaDainian Tomlinson & Drew Brees
35.1%
Lin-Manuel Miranda
34.2%
Anthony Anderson
32.9%

You're not logged in!

Compare scores with friends on all Sporcle quizzes.
OR
Log In

Sporcle TV

Today on Sporcle TV


Watch our educational content, quiz creation guides, and fun videos on Sporcle TV.

Show Comments

Extras

Top Quizzes Today


Score Distribution

Your Account Isn't Verified!

In order to create a playlist on Sporcle, you need to verify the email address you used during registration. Go to your Sporcle Settings to finish the process.

Report this User

Report this user for behavior that violates our Community Guidelines.

Details: